[Event "Malta-Open2012"]
[Site "Bugibba"]
[Date "2012.11.24"]
[Round "9.8"]
[White "Akesson, Ralf"]
[Black "Joie, Sébastien"]
[Result "1-0"]
[WhiteElo "2440"]
[BlackElo "2307"]
[Annotator "chessorg"]
[PlyCount "57"]
[EventDate "2012.??.??"]
[WhiteTeam "Vasteras SK"]

1. d4 g6 2. e4 Bg7 3. c4 c5 4. d5 d6 5. Nc3 e6 6. Bd3 Ne7 7. Nge2 O-O 8. Bg5 h6
9. Be3 exd5 10. cxd5 f5 11. Qd2 g5 12. f4 fxe4 13. Nxe4 g4 14. N4g3 Qe8 15. O-O
Nd7 16. f5 Ne5 17. Bxh6 Bxh6 18. Qxh6 Nxd3 19. Qg5+ Kf7 20. Ne4 Qd7 21. Qh5+
Kg8 22. Qxg4+ Kh7 23. Ng5+ Kh6 24. Qh4+ Kg7 25. Ne6+ Kf7 26. Qh5+ Kg8 27. Qg5+
Kf7 28. Qg7+ Ke8 29. Qxf8# 1-0

[Event "Malta-Open2012"]
[Site "Bugibba"]
[Date "2012.11.24"]
[Round "9.9"]
[White "Brynell, Stellan"]
[Black "Duncan, Chris"]
[Result "1/2-1/2"]
[WhiteElo "2500"]
[BlackElo "2294"]
[Annotator "chessorg"]
[PlyCount "65"]
[EventDate "2012.??.??"]
[BlackTeam "Watford"]

1. d4 d5 2. c4 c6 3. Nf3 Nf6 4. Nc3 dxc4 5. a4 c5 6. e3 cxd4 7. exd4 Be6 8. Ng5
Bd5 9. Nxd5 Qxd5 10. Be2 Nc6 11. Be3 e6 12. O-O Be7 13. Bf3 Qd7 14. Rc1 Na5 15.
Bd2 Nb3 16. Rxc4 Nxd2 17. Qxd2 O-O 18. Ne4 Nxe4 19. Bxe4 Rac8 20. Rfc1 Rxc4 21.
Rxc4 Rd8 22. g3 g6 23. Qc2 Bf6 24. Kg2 Kg7 25. b3 b6 26. Rc7 Qxd4 27. Rxa7 Rd7
28. Rxd7 Qxd7 29. Qd3 Qxd3 30. Bxd3 Kf8 31. b4 Bc3 32. a5 bxa5 33. bxa5 1/2-1/2

[Event "Malta-Open2012"]
[Site "Bugibba"]
[Date "2012.11.24"]
[Round "9.10"]
[White "Raetsky, Alexander"]
[Black "Osmolny, Vladimir"]
[Result "1-0"]
[WhiteElo "2431"]
[BlackElo "2197"]
[Annotator "chessorg"]
[PlyCount "91"]
[EventDate "2012.??.??"]

1. c4 Nc6 2. Nc3 e5 3. Nf3 d6 4. d4 Bg4 5. d5 Bxf3 6. gxf3 Nb8 7. Qb3 b6 8.
Qa4+ Qd7 9. Nb5 Kd8 10. Qc2 a6 11. Nc3 Ne7 12. f4 exf4 13. Bxf4 Qg4 14. Bd2 Nd7
15. Ne4 h6 16. O-O-O f5 17. Ng3 Qh4 18. Nxf5 Nxf5 19. Qxf5 Qxc4+ 20. Bc3 c5 21.
dxc6 Qxc6 22. Rg1 Rc8 23. Bh3 Rc7 24. Kb1 Nc5 25. f3 a5 26. e4 Na4 27. Bd4 Qc2+
28. Ka1 Be7 29. Qd5 Qc6 30. Qxc6 Rxc6 31. Rxg7 Rf8 32. Bg4 Nc5 33. Kb1 Nd7 34.
e5 Ke8 35. Bh5+ Kd8 36. Bg4 Ke8 37. Bh5+ Kd8 38. e6 Nf6 39. Rf7 Ne8 40. Rh7 Bf6
41. Be3 Rh8 42. Rxh8 Bxh8 43. Bxh6 Rc5 44. Rg1 Nf6 45. Bf8 Nd5 46. Bxd6 1-0

[Event "Malta-Open2012"]
[Site "Bugibba"]
[Date "2012.11.24"]
[Round "9.11"]
[White "Sgnaolin, Davide"]
[Black "Pavlidis, Anastasios"]
[Result "1/2-1/2"]
[WhiteElo "2256"]
[BlackElo "2331"]
[Annotator "chessorg"]
[PlyCount "55"]
[EventDate "2012.??.??"]

1. c4 Nf6 2. Nc3 g6 3. g3 Bg7 4. Bg2 O-O 5. Nf3 c6 6. d4 d5 7. cxd5 cxd5 8. O-O
Nc6 9. Ne5 e6 10. Nxc6 bxc6 11. Bf4 Nh5 12. Be3 Rb8 13. Na4 f5 14. f4 Nf6 15.
Rc1 Ng4 16. Bf2 Qa5 17. b3 Ba6 18. h3 Nxf2 19. Rxf2 Rfc8 20. e3 Bf8 21. Nc5
Bxc5 22. Rxc5 Rb5 23. Rfc2 Rxc5 24. dxc5 Qb4 25. Kf2 Kf7 26. Qd4 Qxd4 27. exd4
Rb8 28. Ke3 1/2-1/2